=LDR 00000nam 2200000 4500 =001 INLIS000000000036555 =005 20130612142333 =008 ***********************************Ind** =035 ##$$0010-061300000036555 =041 ##$$a Ind =082 ##$$a 028.5 =090 ##$$a 028.5, Mis u =100 ##$$a Misrawi, Zuhaini =245 ##$$a Utsman bin affan, Zuhaini Misnawi ; editor, Mira Rainayati =260 ##$$a 2011 $b bandung =300 ##$$a 24 hlm, ilus, 21 cm =650 ##$$a Bacaan kanak-kanak =850 ##$$a NBPNMAT